000 00596nam a2200133Ia 4500
008 171212s9999 xx 000 0 und d
020 _a9780833079190
100 _aDavis, Paul K.;O'Mahony, Angela
245 _cDavis, Paul K.;O'Mahony, Angela
_aA Computational Model of Public Support for Insurgency and Terrorism
_bA Prototype for More-General Social-Science Modeling
260 _bRAND Corporation
_c2013
650 _aPolitical Science
650 _aTerrorism -- Public opinion; Insurgency -- Public opinion; Terrorism -- Prevention
856 _uhttp://www.jstor.org/stable/10.7249/j.ctt5hhw44
999 _c351639
_d351639